Welcome to CU Library Online Public Access Catalogue (OPAC)

Project management for research and development : (Record no. 5583)

MARC details
000 -LEADER
fixed length control field 00618cam a2200193 i 4500
001 - CONTROL NUMBER
control field 18050716
005 - DATE AND TIME OF LATEST TRANSACTION
control field 20250428171840.0
008 - FIXED-LENGTH DATA ELEMENTS--GENERAL INFORMATION
fixed length control field 140228s2015 flu b 001 0 eng
020 ## - INTERNATIONAL STANDARD BOOK NUMBER
International Standard Book Number 9781466596290
050 00 - LIBRARY OF CONGRESS CALL NUMBER
Classification number HD69.P75
Item number W5598 2015
082 00 - DEWEY DECIMAL CLASSIFICATION NUMBER
Classification number 658.5/7
Edition information 23
100 1# - MAIN ENTRY--PERSONAL NAME
Personal name Wingate, Lory Mitchell.
245 10 - TITLE STATEMENT
Title Project management for research and development :
Remainder of title guiding innovation for positive R&D outcomes /
Statement of responsibility, etc. Lory Mitchell Wingate.
260 ## - PUBLICATION, DISTRIBUTION, ETC.
Place of publication, distribution, etc. Boca Raton
Name of publisher, distributor, etc. CRC Press
Date of publication, distribution, etc. 2015
300 ## - PHYSICAL DESCRIPTION
Extent xxxiii, 483 pages ;
Dimensions 24 cm.
650 #0 - SUBJECT ADDED ENTRY--TOPICAL TERM
Topical term or geographic name entry element Project management.
650 #0 - SUBJECT ADDED ENTRY--TOPICAL TERM
Topical term or geographic name entry element Research, Industrial.
942 ## - ADDED ENTRY ELEMENTS (KOHA)
Source of classification or shelving scheme Library of Congress Classification
Koha item type Books
Suppress in OPAC No
999 ## -
-- 5583
-- 5583
Holdings
Withdrawn status Lost status Source of classification or shelving scheme Damaged status Not for loan Collection Home library Current library Shelving location Date acquired Total checkouts Full call number Barcode Date last seen Copy number Price effective from Koha item type
    Library of Congress Classification     Non-fiction Business Library (Miotso) Business Library (Miotso) General stacks 04/28/2025   HD69 .P75W5598 2015 BSSM00002119 04/28/2025 1 04/28/2025 Books
    Library of Congress Classification     Non-fiction Business Library (Miotso) Business Library (Miotso) General stacks 04/28/2025   HD69 .P75W5598 2015 BSSM00002120 04/28/2025 2 04/28/2025 Books
    Library of Congress Classification     Non-fiction Graduate Library (Christ Temple) Graduate Library (Christ Temple) General stacks 06/10/2025   HD 69.P 75 WIN GSCT00001575 06/10/2025 1 06/10/2025 Books
    Library of Congress Classification     Non-fiction Graduate Library (Christ Temple) Graduate Library (Christ Temple) General stacks 06/17/2025   HD 69.P75W5598 WIN GSCT00001607 06/17/2025 2 06/17/2025 Books
© 2023-2024 Copyright: Central University Libraries. All Rights Reserved | Created by: Mahone Tech Office